00422nam a2200181Ia 4500008004100000020001800041050001400059100002000073245002700093245002000120260001500140260001600155260000900171300001500180300002700195300001000222500000800232170918s9999 xx 000 0 und d a9780439351408 bM554 2002 aMerchant, Peter 4aThe eagle has landed / cPeter Merchant. aNew York : bScholastic, c2002 a16 pages : bcolored illustration ; c24cm. a450